| 000 | 00551nam a22001937a 4500 | ||
|---|---|---|---|
| 008 | 170712b xxu||||| |||| 00| 0 eng d | ||
| 020 | _a9788127246600 (pbk.) | ||
| 020 | _a9789327234855 | ||
| 082 |
_223 _a330.156 _bGUP |
||
| 100 | _aGupta, R. D. | ||
| 245 | _aKeynes and post-keynesian economics | ||
| 250 | _a1st rev. ed | ||
| 260 |
_aLudhiana _bKalyani Publishers _c1997 |
||
| 300 |
_axvi,786p.; _c24 cm |
||
| 500 | _ait includes index, glossary and bibliography. | ||
| 650 |
_2Economics _aEconomics |
||
| 700 | _aRana, A. S. | ||
| 942 |
_2ddc _cBK |
||
| 999 |
_c9541 _d9541 |
||